| 000 -LEADER |
| fixed length control field |
00626nam a22002177a 4500 |
| 008 - FIXED-LENGTH DATA ELEMENTS--GENERAL INFORMATION |
| fixed length control field |
151012b xxu||||| |||| 00| 0 eng d |
| 020 ## - INTERNATIONAL STANDARD BOOK NUMBER |
| International Standard Book Number |
9780131391574 |
| 020 ## - INTERNATIONAL STANDARD BOOK NUMBER |
| International Standard Book Number |
0131391577 |
| 041 0# - LANGUAGE CODE |
| Language code of text/sound track or separate title |
eng |
| 080 ## - UNIVERSAL DECIMAL CLASSIFICATION NUMBER |
| Universal Decimal Classification number |
004.16 |
| 100 1# - Rafti |
| Rafti |
Evans, Alan |
| 245 10 - TITLE STATEMENT |
| Title |
Complete technology in action / |
| Statement of responsibility, etc |
Alan Evans, Kendall Martin, Mary Anne Poatsy. |
| 250 ## - |
| -- |
8th ed. |
| 260 ## - |
| -- |
Boston : |
| -- |
Prentice Hall, |
| -- |
2012. |
| 300 ## - |
| -- |
xxxi, 685 f. : |
| -- |
me il.; |
| -- |
28 cm. |
| -- |
1 CD-ROM (4 3/4 in.) |
| 650 #0 - |
| -- |
Mikro kompjuterët |
| 650 #0 - |
| -- |
Teknologjia |
| 700 1# - |
| -- |
Martin, Kendall. |
| 700 1# - |
| -- |
Poatsy, Mary Anne. |
| 942 ## - ADDED ENTRY ELEMENTS (KOHA) |
| Source of classification or shelving scheme |
|
| Item type |
Books |